Learning and Soft Computing : Support Vector Machines, Neural Networks, and Fuzzy Logic Models

Enregistré dans:
Détails bibliographiques
Auteur principal: Kecman, Vojislav (Auteur)
Format: Livre
Langue:anglais
Publié: Massachusetts : MIT Press, 2001
Sujets:
Tags: Ajouter un tag
Pas de tags, Soyez le premier à ajouter un tag!

MARC

LEADER 00000nam a22000003a 4500
001 stu91881
005 20150617225620.6
008 041201s2001----xxu-----------------eng-d
020 |a 0-262-11255-8 
040 |a STU  |b slo 
041 0 |a eng 
044 |a xxu 
080 |a 514.742.2 
080 |a 681.514 
080 |a 519.65 
080 |a 577.532.5 
084 |a A4230S  |2 INS 
084 |a C1230D  |2 INS 
084 |a C1340F  |2 INS 
084 |a C4210  |2 INS 
100 1 |a Kecman, Vojislav  |4 aut 
245 1 |a Learning and Soft Computing :  |b Support Vector Machines, Neural Networks, and Fuzzy Logic Models 
260 |a Massachusetts :  |b MIT Press,  |c 2001 
300 |a 541 s 
650 7 |a neurálne siete  |2 stusub 
650 7 |a fuzzy logiky  |2 stusub 
650 7 |a vektory  |2 stusub 
996 |b 284EK85454  |c E*85454  |l EE16  |s P  |a 0  |w stu91881_0001